Modern engineering graphics and design / (Record no. 84079)
[ view plain ]
| 000 -LEADER | |
|---|---|
| fixed length control field | 01282nam a22003137a 4500 |
| 003 - CONTROL NUMBER IDENTIFIER | |
| control field | URS |
| 005 - DATE AND TIME OF LATEST TRANSACTION | |
| control field | 20250819120335.0 |
| 008 - FIXED-LENGTH DATA ELEMENTS--GENERAL INFORMATION | |
| fixed length control field | 250220b |||||||| |||| 00| 0 eng d |
| 020 ## - INTERNATIONAL STANDARD BOOK NUMBER | |
| International Standard Book Number | 9798890105912 |
| 040 ## - CATALOGING SOURCE | |
| Language of cataloging | eng |
| Transcribing agency | URS |
| Modifying agency | URS |
| Description conventions | rda |
| 100 1# - MAIN ENTRY--PERSONAL NAME | |
| Personal name | O'Neal, Katelyn, |
| Relator term | author |
| 245 10 - TITLE STATEMENT | |
| Title | Modern engineering graphics and design / |
| Statement of responsibility, etc. | Katelyn O'Neal |
| 250 ## - EDITION STATEMENT | |
| Edition statement | 2024 edition. |
| 264 #1 - PRODUCTION, PUBLICATION, DISTRIBUTION, MANUFACTURE, AND COPYRIGHT NOTICE | |
| Place of production, publication, distribution, manufacture | California : |
| Name of producer, publisher, distributor, manufacturer | Tritech Digital Media, |
| Date of production, publication, distribution, manufacture, or copyright notice | 2024 |
| 300 ## - PHYSICAL DESCRIPTION | |
| Extent | 1 online resource |
| Other physical details | illustration |
| 336 ## - CONTENT TYPE | |
| Source | rdacontent |
| Content type term | text |
| Content type code | txt |
| 337 ## - MEDIA TYPE | |
| Source | rdamedia |
| Media type term | computer |
| Media type code | c |
| 338 ## - CARRIER TYPE | |
| Source | rdacarrier |
| Carrier type term | online resource |
| Carrier type code | cr |
| 500 ## - GENERAL NOTE | |
| General note | Description based on online resource; title from PDF title page (viewed February 21, 2024) |
| 504 ## - BIBLIOGRAPHY, ETC. NOTE | |
| Bibliography, etc. note | Includes bibliographical references and index |
| 520 ## - SUMMARY, ETC. | |
| Summary, etc. | "Modern Engineering Graphics and Design" provides a comprehensive guide to technical graphics and design principles, ideal for engineering students and professionals. |
| 650 #0 - SUBJECT ADDED ENTRY--TOPICAL TERM | |
| Topical term or geographic name entry element | Engineering design |
| General subdivision | Graphic methods |
| 650 #0 - SUBJECT ADDED ENTRY--TOPICAL TERM | |
| Topical term or geographic name entry element | Technical drawings |
| General subdivision | Study and teaching. |
| 650 #0 - SUBJECT ADDED ENTRY--TOPICAL TERM | |
| Topical term or geographic name entry element | Engineering graphics |
| 710 ## - ADDED ENTRY--CORPORATE NAME | |
| Corporate name or jurisdiction name as entry element | Tritech Digital Media |
| 710 #2 - ADDED ENTRY--CORPORATE NAME | |
| Corporate name or jurisdiction name as entry element | Tritech Digital Media |
| Relator term | publisher. |
| 856 ## - ELECTRONIC LOCATION AND ACCESS | |
| Uniform Resource Identifier | <a href="https://tdmebooks.com/book-detail.php?book_id=OTI2OA==">https://tdmebooks.com/book-detail.php?book_id=OTI2OA==</a> |
| 942 ## - ADDED ENTRY ELEMENTS (KOHA) | |
| Source of classification or shelving scheme | Library of Congress Classification |
| Koha item type | E-Book |
| Withdrawn status | Source of classification or shelving scheme | Damaged status | Not for loan | Home library | Current library | Date acquired | Total Checkouts | Date last seen | Price effective from | Koha item type |
|---|---|---|---|---|---|---|---|---|---|---|
| Library of Congress Classification | E-Books Tritech | E-Books Tritech | 02/20/2025 | 02/20/2025 | 02/20/2025 | E-Book |